El tío Willibrord / (Registro nro. 9666)

Detalles MARC
000 -LIDER
fixed length control field 00980nam a22003017a 4500
001 - NÚMERO DE CONTROL
Identificador de número de control 0005632
003 - IDENTIFICACDOR DE NÚMERO DE CONTROL
control field DO-SdBPM
005 - DATE AND TIME OF LATEST TRANSACTION
control field 20250409131046.0
007 - CAMPOS FIJOS DE DESCRIPCIÓN FÍSICA
fixed length control field 0005632
008 - ELEMENTOS DE LONGITUD FIJA
fixed length control field 151023b1996 sp ||| 00| 0 spa d
020 ## - ISBN
International Standard Book Number 8422659115
040 ## - FUENTE DE CATALOGACIÓN
Agencia que crea de manera original el registro DO-SdBPM
Idioma de catalogación spa
Agencia que realiza la transcripción BPMSU
082 #4 - NÚMERO DE CLASIFICACIÓN DECIMAL DE DEWEY
Classification number 839.313
Item number T318t 1996
Edition number 22
100 1# - ASIENTO PRINCIPAL -- NOMBRE PERSONAL
Nombre personal Terlouw, Jan,
Mención de responsabilidad 1931-
245 13 - MENCIÓN DE TITULO
Título El tío Willibrord /
Mención de responsabilidad Jan Terlouw ; traducción Teodoro Larriba ; ilustraciones Ingrid y Dieter Schubert.
250 ## - MENCIÓN DE EDICION
Mención de edición 11a. ed.
260 ## - PUBLICACIÓN, DISTRIBUCIÓN, ETC. (PIE DE IMPRENTA)
Lugar de publicación, distribución, etc Madrid :
Nombre del editor, distribuidor, etc. Círculo de lectores,
Fecha de publicación, distribución, etc 1996
300 ## - DESCRIPCIÓN FÍSICA
Extensión 156 p. :
Otros detalles físicos il. ;
Medida de la unidad 22 cm
490 0# - MENCIÓN DE SERIES
Mención de serie El barco de vapor;
-- Círculo de lectores
500 ## - NOTA GENERAL
Nota general Para niños a partir de 9 años.
590 ## - NOTA LOCAL
Texto de la nota local Inventariado, 2025/VM
650 #4 - ENCABEZAMIENTO DE MATERIA--TEMÁTICO
Término temático o nombre geográfico como elemento de entrada Cuentos juveniles holandeses
700 1# - ASIENTO SECUNDARIO -- NOMBRE PERSONAL
Nombre personal Schubert, Ingrid
Mención de responsabilidad ilustración
700 1# - ASIENTO SECUNDARIO -- NOMBRE PERSONAL
Nombre personal Larriba, Teodoro
Mención de responsabilidad traductor
700 ## - ASIENTO SECUNDARIO -- NOMBRE PERSONAL
Término de relación
Nombre personal Schubert, Dieter
Mención de responsabilidad il.
910 ## - VALIDACIÓN
Validación VMateo V. Control de calidad. BPMSU
942 ## - ADDED ENTRY ELEMENTS (KOHA)
Source of classification or shelving scheme Dewey Decimal Classification
Koha item type Libros
Existencias
Withdrawn status Lost status Source of classification or shelving scheme Damaged status Not for loan Collection code Home library Current library Date acquired Source of acquisition Total Checkouts Full call number Barcode Date last seen Price effective from Koha item type
    Dewey Decimal Classification     Colección Juvenil General Biblioteca Pública Metropolitana Salomé Ureña Biblioteca Pública Metropolitana Salomé Ureña 04/08/2016 FUNDI   BPMSU CJG 839.313 T318t 1996 BPMSU16040271 04/08/2016 04/08/2016 Libros